Debates on the resolution on the Bihar and West Bengal (transfer of territories) bill, 1956 (Record no. 488868)

000 -LEADER
fixed length control field 00369cam a22001097a 4500
008 - FIXED-LENGTH DATA ELEMENTS--GENERAL INFORMATION
fixed length control field 180718b1956 xxu||||| |||| 00| 0 eng d
082 ## - DEWEY DECIMAL CLASSIFICATION NUMBER
Classification number B81303x54 In2b/1956bc
100 ## - MAIN ENTRY--PERSONAL NAME
Personal name West Bengal. Legislative Council
245 ## - TITLE STATEMENT
Title Debates on the resolution on the Bihar and West Bengal (transfer of territories) bill, 1956
260 ## - PUBLICATION, DISTRIBUTION, ETC.
Place of publication, distribution, etc. Calcutta
Name of publisher, distributor, etc. The author
Date of publication, distribution, etc. 1956
300 ## - PHYSICAL DESCRIPTION
Extent 52+p.
Holdings
Withdrawn status Lost status Damaged status Not for loan Permanent Location Current Location Date acquired Full call number Barcode Date last seen Price effective from Koha item type
        Indian Institute of Public Administration Indian Institute of Public Administration 2018-08-04 B81303x54 In2b/1956bc GR2495 2018-08-04 2018-08-04 GR

Powered by Koha